|
|
|
|
| LEADER |
00000nam a22000007i 4500 |
| 001 |
IT\ICCU\UBO\1851808 |
| 003 |
ItRI |
| 005 |
20260115231841.0 |
| 008 |
021010s2001 fr |||||| ||||| |||||c |
| 020 |
|
|
|a 2913066097
|
| 040 |
|
|
|b ita
|c importazione bologna sebina
|
| 041 |
|
7 |
|a fre
|2 ISO-639-2
|
| 100 |
1 |
|
|a Olivier, Corinne
|0 IT\ICCU\UBOV\697151
|4 aut
|
| 245 |
1 |
0 |
|a SO /
|c Corinne Olivier.
|
| 260 |
|
|
|a Paris :
|b KTM,
|c c2001
|
| 300 |
|
|
|a 163 p. ;
|c 20 cm.
|
| 942 |
|
|
|2 ddc
|c BK
|n 0
|
| 952 |
|
|
|0 0
|1 0
|4 0
|6 L_843_910000000000000_OLI
|7 0
|9 14215
|a BO
|b BO
|d 2026-01-15
|i 6631
|l 0
|o L 843.91 OLI
|p BO6631
|r 2026-01-15 23:18:41
|w 2026-01-15
|x [Sebina 5] [1 v.]
|y BK
|z 1 v.
|
| 999 |
|
|
|c 12265
|d 12265
|